ARRUPE JESUIT UNIVERSITY

CORONAVIRUS -STOP THE SPREAD - CLEAN,DISINFECT,COVER

On the two cities; (Record no. 126238)

MARC details
000 -LEADER
fixed length control field 00947cam a22002771 4500
001 - CONTROL NUMBER
control field 1221314
003 - CONTROL NUMBER IDENTIFIER
control field ARRUPE
005 - DATE AND TIME OF LATEST TRANSACTION
control field 20170228095420.0
008 - FIXED-LENGTH DATA ELEMENTS--GENERAL INFORMATION
fixed length control field 771220s1957 nyu 000 0 eng
010 ## - LIBRARY OF CONGRESS CONTROL NUMBER
LC control number 57013344
040 ## - CATALOGING SOURCE
Original cataloging agency DLC
Transcribing agency ICU
Modifying agency ICU
-- DLC
041 1# - LANGUAGE CODE
Language code of text/sound track or separate title eng
Language code of original and/or intermediate translations of text lat
050 00 - LIBRARY OF CONGRESS CALL NUMBER
Classification number BR65
Item number .A642 1957
082 00 - DEWEY DECIMAL CLASSIFICATION NUMBER
Classification number 239.3
300 ## - PHYSICAL DESCRIPTION
Dimensions 21 cm.
100 0# - MAIN ENTRY--PERSONAL NAME
Personal name Augustine,
Titles and other words associated with a name Saint, Bishop of Hippo.
9 (RLIN) 29117
240 10 - UNIFORM TITLE
Uniform title <a href="De civitate Dei.">De civitate Dei.</a>
Form subheading Selections.
Language of a work English
245 10 - TITLE STATEMENT
Title On the two cities;
Remainder of title selections from The city of God,
Statement of responsibility, etc edited by F. W. Strothmann.
260 ## - PUBLICATION, DISTRIBUTION, ETC. (IMPRINT)
Place of publication, distribution, etc New York,
Name of publisher, distributor, etc F. Ungar Pub. Co.
Date of publication, distribution, etc [1957]
300 ## - PHYSICAL DESCRIPTION
Extent 127 p.
490 0# - SERIES STATEMENT
Series statement Milestones of thought
600 ## - SUBJECT ADDED ENTRY--PERSONAL NAME
Personal name Augustine, st.
9 (RLIN) 13740
650 #0 - SUBJECT ADDED ENTRY--TOPICAL TERM
Topical term or geographic name as entry element Kingdom of God
Form subdivision Early works to 1800.
9 (RLIN) 29118
650 #0 - SUBJECT ADDED ENTRY--TOPICAL TERM
Topical term or geographic name as entry element Apologetics
Form subdivision Early works to 1800.
9 (RLIN) 29119
700 1# - ADDED ENTRY--PERSONAL NAME
Personal name Strothmann, Friedrich Wilhelm,
Dates associated with a name 1904-1982,
Relator term ed.
9 (RLIN) 29120
906 ## - LOCAL DATA ELEMENT F, LDF (RLIN)
a 7
b cbc
c orignew
d u
e ocip
f 19
g y-gencatlg
942 ## - ADDED ENTRY ELEMENTS (KOHA)
Source of classification or shelving scheme Library of Congress Classification
Koha item type Monograph ( Printed materials)
Holdings
Withdrawn status Lost status Source of classification or shelving scheme Damaged status Not for loan Collection code Home library Current library Shelving location Date acquired Total Checkouts Full call number Barcode Date last seen Price effective from Koha item type
    Library of Congress Classification     Main Collection ARRUPE LIBRARY ARRUPE LIBRARY Main Collection 28/02/2017   BR65 .A91 C5 1957 46411594 28/02/2017 28/02/2017 Monograph ( Printed materials)

 

Arrupe Library. PO Box MP320 Mt Pleasant, Harare, Zimbabwe
263 242 745411|librarian@aju.ac.zw